Southville International School and Colleges
Your cart is empty.
  • Cart
  • Lists
    Public lists Eva Luna New books Lux_list list_1
    Your lists Log in to create your own lists
  • Log in to your account
  • Your cookies
  • Search history
Southville International School and Colleges
  • Advanced search
  • Recent comments
  • Most popular
  • Libraries

Log in to your account

Log in with GOOGLE


If you do not have an external account, but do have a local account, you can still log in:

  1. Home
  2. MARC view: Integrated science chemistry :
Normal view MARC view ISBD view

Integrated science chemistry : (Record no. 296060)

[ view plain ]
MARC details
000 -LEADER
fixed length control field 00527nam a22001697a 4500
003 - CONTROL NUMBER IDENTIFIER
control field SISC
005 - DATE AND TIME OF LATEST TRANSACTION
control field 20160621151648.0
008 - FIXED-LENGTH DATA ELEMENTS--GENERAL INFORMATION
fixed length control field 160621b xxu||||| |||| 00| 0 eng d
020 ## - INTERNATIONAL STANDARD BOOK NUMBER
International Standard Book Number 9789814606981
050 ## - LIBRARY OF CONGRESS CALL NUMBER
Classification number QD 31.2 Ib14 2015
245 ## - TITLE STATEMENT
Title Integrated science chemistry :
Remainder of title a topical course assessment for lower secondary levels /
Statement of responsibility, etc Imran Ibrahim.
250 ## - EDITION STATEMENT
Edition statement New ed.
260 ## - PUBLICATION, DISTRIBUTION, ETC. (IMPRINT)
Place of publication, distribution, etc Singapore :
Name of publisher, distributor, etc SAP & Mavis Tutorial Centre,
Date of publication, distribution, etc c2015
300 ## - PHYSICAL DESCRIPTION
Extent 2224 p. :
Other physical details ill. ;
Dimensions 26 cm.
650 ## - SUBJECT ADDED ENTRY--TOPICAL TERM
Topical term or geographic name as entry element Chemistry.
942 ## - ADDED ENTRY ELEMENTS (KOHA)
Source of classification or shelving scheme Library of Congress Classification
Koha item type Books
Holdings
Withdrawn status Lost status Source of classification or shelving scheme Damaged status Home library Current library Shelving location Date acquired Source of acquisition Total Checkouts Total Renewals Full call number Barcode Date last seen Date checked out Price effective from Koha item type
    Library of Congress Classification   Luxembourg Library Luxembourg Library Teachers Reference Section 06/21/2016 Library Fund 2 2 QD 31.2 Ib14 2015 20206 07/10/2018 06/25/2018 06/21/2016 Books

Integrated science chemistry :

APA

(2015). Integrated science chemistry. Singapore: SAP & Mavis Tutorial Centre.

Chicago

2015. Integrated science chemistry. Singapore: SAP & Mavis Tutorial Centre.

Harvard

(2015). Integrated science chemistry. Singapore: SAP & Mavis Tutorial Centre.

MLA

Integrated science chemistry. Singapore: SAP & Mavis Tutorial Centre. 2015.

  • Place hold
  • Print
  • Cite
  • Add to your cart (remove)
  • Save record
    BIBTEX Dublin Core MARCXML MARC (non-Unicode/MARC-8) MARC (Unicode/UTF-8) MARC (Unicode/UTF-8, Standard) MODS (XML) RIS
  • More searches
    Search for this title in:
    Other Libraries (WorldCat) Other Databases (Google Scholar) Online Stores (Bookfinder.com) Open Library (openlibrary.org)

Exporting to Dublin Core...

SOUTHVILLE LIBRARY

Southville International School and Colleges Library

1281 Tropical Ave. Cor. Luxembourg St., BF Homes International, Las Pinas City

Tel. No. 8256374 / 252358 Loc. 117/146

Powered by Koha